Vocabulaire médiéval (3) - Statistiques

Statistiques générales
  • Ce quiz a été pris 66 fois
  • Le résultat moyen est 13 sur 20
Statistiques - réponses
Hint Réponse % Correct
Latrines Toilettes
95%
Jouvence Jeunesse
86%
Puire Puer
86%
Tressaillir Avoir très peur
84%
Quérir Chercher
84%
Tanstot Aussitôt
82%
Souplette Soupe de piètre qualité
82%
Chef Tête
80%
Pleutre Lâche
77%
Mortir Tuer
73%
Vergogne Honte
68%
Manant Villageois
66%
Moigner Mutiler
59%
Bouter Faire partir
57%
Barguigner Hésiter
52%
Chiche face Avare
36%
Framée Longue lance franque
30%
Grevance Ennui
27%
Vautre Chien de chasse
18%
Ardouane Forêt
16%
Aucun quiz correspondant
Distribution des résultats
% des personnes avec chaque résultat
Percentile par nombre de réponses
Votre historique - résultats
Vous n’avez pas pris ce quiz